Name the countries In Antarctica - Statistics

General Stats
  • This quiz has been taken 321 times
  • The average score is 6 of 7
Answer Stats
Country % Correct
UK
86%
Australia
84%
Argentina
83%
Chile
81%
New Zealand
79%
France
74%
Norway
73%
No matching quizzes found
Score Distribution
Percent of People with Each Score
Percentile by Number Answered
Your Score History
You have not taken this quiz